| 000 | 00516nam a2200169Ia 4500 | ||
|---|---|---|---|
| 999 |
_c24190 _d24190 |
||
| 003 | OSt | ||
| 005 | 20201222105222.0 | ||
| 008 | 190216s9999||||xx |||||||||||||| ||und|| | ||
| 040 | _coclc | ||
| 082 |
_a894.8121 _bAIY/A |
||
| 100 |
_aAiyer, Ulloor S Parameswara _93277 |
||
| 245 | 0 |
_aArunodayam / _cUlloor S Parameswara Aiyer |
|
| 260 |
_bUlloor Publishers, _c1965. _aThiruvananthapuram: |
||
| 300 | _a122p | ||
| 650 | _aMalayalam Kavitha | ||
| 942 |
_cBK _2ddc _h894.8121 _iAIY/A _k894.8121 _mAIY/A |
||